Ciao Ciao - La rappresentante di lista - Statistics

Statistiche generali
  • Questo quiz è stato fatto 34 volte
  • Il punteggio medio è 157 su 254
Statistiche sulle risposte
Testo % Corretto
Ciao
96%
con
92%
Con
92%
le
92%
ma
92%
mani
92%
culo
88%
i
88%
la
83%
La
83%
a
79%
e
79%
E
79%
piedi
79%
testa
79%
cuore
75%
mi
75%
Mi
75%
il
71%
in
71%
In
71%
lo
67%
occhi
67%
un
67%
del
63%
Dove
58%
mondo
58%
ti
58%
una
58%
uno
58%
Come
54%
come
54%
di
54%
fine
54%
gambe
54%
Me
54%
petto
54%
so
54%
Che
50%
che
50%
da
50%
miei
50%
stasera
50%
vai
50%
amore
46%
cosa
46%
della
46%
Nel
46%
nel
46%
non
46%
Non
46%
saluto
46%
sono
46%
Sono
46%
bambina
42%
coi
42%
manchi
38%
stai
38%
generale
33%
gia
33%
noi
33%
pezzi
33%
questa
33%
Questa
33%
scoppia
33%
silenzio
33%
cioccolata
29%
crisi
29%
festa
29%
locale
29%
mangio
29%
Mentre
29%
paura
29%
regina
29%
sento
29%
sociale
29%
terra
29%
voglia
29%
cuori
25%
dolci
25%
guerra
25%
infranti
25%
intorno
25%
l’ora
25%
male
25%
mondiale
25%
rovina
25%
salvare
25%
senti
25%
sparira
25%
travolge
25%
vertigine
25%
Bonne
21%
Buonanotte
21%
citta
21%
disdetta
21%
dolce
21%
esplodera
21%
giornale
21%
giostra
21%
leggo
21%
nuit
21%
Romperemo
21%
scoppiata
21%
Sopra
21%
spavento
21%
stupido
21%
tutte
21%
vento
21%
vetrine
21%
vien
21%
arrivera
17%
perfetta
17%
star
17%
Tocca
17%
un’onda
17%
Nessun quiz corrispondente trovato
Distribuzione punteggi
Percentuale di utenti per punteggio
Percentile per numero di risposta
I tuoi punteggi nel tempo
Non hai fatto questo quiz